[Event "El Prat de Llobregat op 3rd"]
[Site "El Prat de Llobregat"]
[Date "2022.10.28"]
[Round "5"]
[White "Segarra Vera, Gerard"]
[Black "Maqueda Berdugo, Francisco"]
[Result "1-0"]
[WhiteElo "1445"]
[BlackElo "1618"]
[PlyCount "65"]
[EventDate "2022.09.30"]
[EventType "swiss"]
[EventRounds "9"]
[EventCountry "ESP"]
[SourceTitle "EXT 2024"]
[Source "ChessBase"]
[SourceDate "2023.10.10"]
[SourceVersion "1"]
[SourceVersionDate "2023.10.10"]
[SourceQuality "1"]

1. e4 c5 2. d4 cxd4 3. c3 dxc3 4. Nxc3 Nc6 5. Nf3 e6 6. Bc4 a6 7. 0-0 b5 8. Bb3 Nf6 9. e5 Ng4 10. Qe2 g6 11. h3 Nh6 12. Rd1 Bg7 13. Bf4 0-0 14. Rac1 Na5 15. Bc2 Bb7 16. Be4 Bxe4 17. Nxe4 Nc4 18. b3 Nb6 19. Bg5 Qb8 20. Nf6+ Kh8 21. Nxd7 Nxd7 22. Rxd7 Ra7 23. Rcd1 Rxd7 24. Rxd7 Qc8 25. Qd2 Kg8 26. Rd3 Qc7 27. Bxh6 Bxh6 28. Qxh6 Qc2 29. Re3 f6 30. exf6 Rxf6 31. Re1 Qxa2 32. Rc1 Rf8 33. Rc7 1-0